000 00416nam a2200157Ia 4500
008 210716s2010 xx 000 0 und d
020 _a9788123918280
041 _aeng
082 _a574.80285 CURB
100 _aCurran, B G; Walker, R J; Bhatia, S C.
245 _aBioinformatics.
250 _a1
260 _aNew Delhi
_bCBS Publishers and Distributors
_c2010
300 _axxi,547
650 _aBioinformatics
999 _c190923
_d190923